Central Library OPAC University of Rajshahi

Scientometric Analysis of Literature on Public Health Using Scopus Database / (Record no. 81250)

MARC details
000 -LEADER
fixed length control field 01114nam a2200265 a 4500
001 - CONTROL NUMBER
RUCL Control Number 81250
003 - CONTROL NUMBER IDENTIFIER
rucl marc code BD-RjUL
005 - DATE AND TIME OF LATEST TRANSACTION
control field 20241128120756.0
008 - FIXED-LENGTH DATA ELEMENTS--GENERAL INFORMATION
fixed length control field 230220s2017 bg a|||| m||| 00| 0 eng d
035 ## - SYSTEM CONTROL NUMBER
system control number (BD-RjUL)81250
040 ## - CATALOGING SOURCE
Original cataloging agency BD-RjUL
Language of cataloging eng
Transcribing agency BD-RjUL
Modifying agency BD-RjUL
041 ## - LANGUAGE CODE
Language code of Book eng
082 ## - DEWEY DECIMAL CLASSIFICATION NUMBER
Classification number 025.04
Author mark and Year ISS 2017
DDC Edition number 23
100 ## - MAIN ENTRY--PERSONAL NAME
Personal name Islam, Md. Nazmul
9 (RLIN) 7038
245 10 - TITLE STATEMENT
Title Scientometric Analysis of Literature on Public Health Using Scopus Database /
Statement of responsibility, etc Md. Nazmul Islam ;
Name of Supervisor/Co-Supervisor Supervisor : Partha Biplob Roy, Co-Supervisor : Md. Shariful Islam
260 ## - PUBLICATION, DISTRIBUTION, ETC. (IMPRINT)
Place of publication, distribution, etc Rajshahi :
Name of publisher, distributor, etc Department of Information Science and Library Mangement, University of Rajshahi,
Date of publication, distribution, etc 2017
300 ## - PHYSICAL DESCRIPTION
Pagination xviii, 205 Leaves :
Other physical details ill, ;
Dimensions 29 cm.
502 ## - DISSERTATION NOTE
Dissertation note Thesis (Ph. D.) -- Department of Information Science and Library Mangement, University of Rajshahi, 2017
504 ## - BIBLIOGRAPHY, ETC. NOTE
Bibliography, etc References : Leaves 185-205
650 ## - SUBJECT ADDED ENTRY--TOPICAL TERM
Topical term or geographic name as entry element Database
Form subdivision Scientometric
9 (RLIN) 7039
700 ## - ADDED ENTRY--SUPERVISOR/CO-SUPERVISOR NAME
Personal name Roy, Partha Biplob, Supervisor
9 (RLIN) 7040
Personal name Islam, Md. Shariful, Co-Supervisor
9 (RLIN) 7041
856 ## - ELECTRONIC LOCATION AND ACCESS
Link text http://rulrepository.ru.ac.bd/handle/123456789/808
942 ## - ADDED ENTRY ELEMENTS (KOHA)
Source of classification or shelving scheme Dewey Decimal Classification
Koha item type Theses
Holdings
Source of classification or shelving scheme Damaged status Not for loan Collection code Permanent Location Current Location Shelving location Date of accession Source of acquisition Total Checkouts Full call number Barcode Date last seen Copy number Thesis
Dewey Decimal Classification   Not For Loan Theses Central Library, University of Rajshahi Central Library, University of Rajshahi Documentation Section 24/03/2019 Controller of Exam. R.U   THE 025.04 ISS 2017 D4167 20/02/2023 C-1 Theses